Подробности
| 000 -МАРКЕР |
| контрольное поле |
02195nam2a2200373 4500 |
| 001 - ИДЕНТИФИКАТОР ЗАПИСИ |
| контрольное поле |
RU\NLR\BIBL_A\010464397 |
| 005 - ИДЕНТИФИКАТОР ВЕРСИИ |
| контрольное поле |
20260409075225.0 |
| 010 ## - МЕЖДУНАРОДНЫЙ СТАНДАРТНЫЙ НОМЕР КНИГИ (ISBN) |
| Номер (ISBN) |
978-5-89016-949-5 |
| Уточнения |
вып. 16 |
| 021 ## - НОМЕР ГОСУДАРСТВЕННОЙ РЕГИСТРАЦИИ |
| Код страны |
Российская Федерация |
| Номер |
14-52835 |
| 035 ## - ДРУГИЕ СИСТЕМНЫЕ НОМЕРА |
| Идентификатор записи |
(NLR Aleph) 010464397 |
| 100 ## - ДАННЫЕ ОБЩЕЙ ОБРАБОТКИ |
| Данные общей обработки |
20140922d2014 k y0rusy50 ca |
| 101 0# - ЯЗЫК РЕСУРСА |
| Язык текста, звукозаписи и т.д. |
русский |
| Язык резюме |
английский |
| Язык оглавления |
русский |
| -- |
английский |
| 102 ## - СТРАНА ПУБЛИКАЦИИ ИЛИ ПРОИЗВОДСТВА |
| Страна публикации |
Российская Федерация |
| 105 ## - ПОЛЕ КОДИРОВАННЫХ ДАННЫХ: ТЕКСТОВЫЕ МАТЕРИАЛЫ, МОНОГРАФИЧЕСКИЕ |
| Кодированные данные о монографическом текстовом документе |
y ||z|||||| |
| 200 1# - ЗАГЛАВИЕ И СВЕДЕНИЯ ОБ ОТВЕТСТВЕННОСТИ |
| Основное заглавие |
Языковое сознание и когнитивное моделирование |
| Параллельное заглавие |
Linguistic cognition and cognitive modelling |
| Сведения, относящиеся к заглавию |
сборник научных трудов |
| Первые сведения об ответственности |
М-во образования и науки РФ, Рос. акад. наук, Ин-т языкознания РАН [и др. |
| Последующие сведения об ответственности |
... Фурс Л.А. (отв. ред.) и др.] |
| Язык параллельного заглавия |
английский |
| 210 ## - ПУБЛИКАЦИЯ, РАСПРОСТРАНЕНИЕ И ДР. |
| Место издания, распространения и т.д. |
Москва |
| Имя издателя, распространителя и т. д. |
Институт языкознания РАН |
| Место издания, распространения и т.д. |
Тамбов |
| Имя издателя, распространителя и т. д. |
Издательский дом ТГУ |
| Дата издания, распространения и т.д. |
2014 |
| 215 ## - ФИЗИЧЕСКАЯ ХАРАКТЕРИСТИКА |
| Специфическое обозначение материала и объем |
439 c. |
| 300 ## - ОБЩИЕ ПРИМЕЧАНИЯ |
| Текст примечания |
В надзаг. также: Тамб. гос. ун-т им. Г.Р. Державина, Рос. ассоц. лингвистов-когнитологов |
| 300 ## - ОБЩИЕ ПРИМЕЧАНИЯ |
| Текст примечания |
На тит. л.: ISSN 2071-9639 |
| 300 ## - ОБЩИЕ ПРИМЕЧАНИЯ |
| Текст примечания |
Рез. ст. на англ. яз. |
| 320 ## - ПРИМЕЧАНИЯ О НАЛИЧИИ В ДОКУМЕНТЕ БИБЛИОГРАФИИ / УКАЗАТЕЛЯ |
| Текст примечания |
Библиогр. в конце ст. |
| 461 #0 - УРОВЕНЬ НАБОРА |
| Встроенное поле |
001RU\NLR\bibl\1436817 |
| -- |
2001#$aКогнитивные исследования языка$vВып. 16 |
| Системный номер (АБИС) связанной записи |
1388811 |
| Место публикации |
Москва |
| Дата публикации |
2009 |
| Первые сведения об ответственности |
Федер. агентство по образованию [и др. |
| Параллельное заглавие |
Cognitive studies of language |
| Имя издателя, распространителя и т.д. |
[б.и.] |
| Заглавие |
Когнитивные исследования языка |
| Номер тома |
Вып. 16 |
| 510 1# - ПАРАЛЛЕЛЬНОЕ ЗАГЛАВИЕ |
| Параллельное заглавие |
Linguistic cognition and cognitive modelling |
| Язык заглавия |
английский |
| 606 1# - НАИМЕНОВАНИЕ ТЕМЫ КАК ПРЕДМЕТ |
| Наименование темы |
Концепты |
| Формальный подзаголовок |
Сборники |
| Системный номер авторитетной/нормативной записи |
2127707 |
| Идентификатор авторитетной/нормативной записи |
RU\NLR\AUTH\661284071 |
| 606 ## - НАИМЕНОВАНИЕ ТЕМЫ КАК ПРЕДМЕТ |
| Наименование темы |
Семантика (лингв.) |
| Формальный подзаголовок |
Сборники |
| Идентификатор авторитетной/нормативной записи |
RU\NLR\AUTH\666020 |
| Системный номер авторитетной/нормативной записи |
898384 |
| 606 ## - НАИМЕНОВАНИЕ ТЕМЫ КАК ПРЕДМЕТ |
| Наименование темы |
Дискурс (лингв.) |
| Формальный подзаголовок |
Сборники |
| Идентификатор авторитетной/нормативной записи |
RU\NLR\AUTH\661418476 |
| Системный номер авторитетной/нормативной записи |
2377099 |
| 686 1# - ИНДЕКСЫ ДРУГИХ КЛАССИФИКАЦИЙ |
| Индекс |
Ш103.2я43 |
| 686 1# - ИНДЕКСЫ ДРУГИХ КЛАССИФИКАЦИЙ |
| Индекс |
Ш100.0я43 |
| 702 #1 - ИМЯ ЛИЦА - ВТОРИЧНАЯ ОТВЕТСТВЕННОСТЬ |
| Код отношения |
Редактор |
| Материалы, к которым относится поле |
rus |
| Графика поля |
Кириллица |
| Начальный элемент ввода |
Фурс |
| Часть имени, кроме начального элемента ввода |
Л. А. |
| Расширение инициалов личного имени |
Людмила Алексеевна |
| Идентификатор авторитетной/нормативной записи |
RU\NLR\AUTH\7740410 |
| Системный номер авторитетной/нормативной записи |
23362 |
| 942 ## - ДОПОЛНИТЕЛЬНЫЕ ЭЛЕМЕНТЫ ЗАПИСИ (АБИС) |
| Тип экземпляра АБИС |
Книга |
| 980 ## - КОЛЛЕКЦИЯ |
| Название коллекции |
Национальная библиография |